1079 1870 1162 1642 1614 1110 1092 1493 1626 1048 1842 1565 1654 1593 1396 1514 1106 1534 1296 1923 1167 1217 1104 1448 1538 1276 2000 1930 1937 1936 1699 1808 1834 1072 1517 1039 1028 1944 1969 1864 1887 1887 1981 1540 1339 1249 1925 1843 1398 1888 1912 1599 1184 1072 1934 1659 1075 1707 1361 1974 1722 1738 1279 1404 1497 1593 1219 1349 1734 1557 1358 1488 1761 1490 1441 1822 1686 1810 1141 1643 1506 1046 1428 1129 1818 1830 1902 1609 1512 1783 1562 1116 1164 1213 1140 1944 1092 1372 1386 BCNSPRNW ULIB Ver.6.0+V

เปลี่ยนเป็นภาษาไทย

Change to English
 แสดงรายละเอียดบรรณานุกรม
  กลับหน้าหลัก

Brief Record : Get Marc (ISO 2709) : E-mail record : QR code < ปิดหน้าต่าง
LEADER : 00000nam 2200000uu 4500
001    13399115253
003     ULIB
008    120808s2549||||th 000 0 tha d
020    ^a9789746434348 (เล่ม 2)
060 04 ^aWA590^bม226ส ล.2 2549
245 00 ^aเอกสารการสอนชุดวิชา สุขศึกษาและการประชาสัมพันธ์งานสาธารณสุข หน่วยที่ 9-15=^bHealth education and public relations for public health work /^cอดิศักด์ สัตย์ธรรม ... [และคนอื่นฯ]
246 31 ^aHealth education and public relations for public health work
250    ^aปรับปรุงครั้งที่ 1 พิมพ์ครั้งที่ 6
260    ^aนนทบุรี :^bสำนักพิมพ์มหาวิทยาลัยสุโขทัยธรรมาธิราช,^c2549
300    ^a2 เล่ม :^bภาพประกอบ ;^c30 ซม.
650  4 ^aการประชาสัมพันธ์
650  4 ^aการประชาสัมพันธ์^xสาธารณสุข
650  4 ^aสาธารณสุข
945    ^p0^l0^i14728
995    ^aกัณชพร
999 ^a ใช้งานได้ทุกระบบ
รายการนี้ยังไม่มีแท็ก
คุณยังไม่ได้ล็อกอิน คุณสามารถมีกิจกรรมร่วมกับเว็บไซต์ได้ แต่ต้องล็อกอินก่อน ::
  ล็อกอิน

รายการสื่อสารสนเทศ

ลำดับที่ ประเภท เลขเรียก/บาร์โค้ด สถานที่ สถานะ
- ไม่พบข้อมูล -

รายการใกล้เคียง
    หัวเรื่อง [การประชาสัมพันธ์]
    หัวเรื่อง [สาธารณสุข]

BibComment


ยังไม่เคยถูกคอมเมนท์

คอมเมนท์ทรัพยากรรายการนี้
  คอมเมนท์: เอกสารการสอนชุดว..


 Copyright 2026. Bcnsprnw @Library